[Event "Edmonton-ch"]
[Site "Edmonton"]
[Date "2011.01.13"]
[Round "1.2"]
[White "Gardner, Robert"]
[Black "Kassam, Jamil"]
[Result "1/2-1/2"]
[WhiteElo "2309"]
[BlackElo "1833"]
[PlyCount "109"]
[EventDate "2011.01.06"]
[EventType "k.o."]
[EventRounds "4"]
[EventCountry "CAN"]
[SourceTitle "EXT 2013"]
[Source "ChessBase"]
[SourceDate "2012.11.22"]
[SourceVersion "1"]
[SourceVersionDate "2012.11.22"]
[SourceQuality "1"]

1. g3 d5 2. Bg2 b6 3. f4 Nf6 4. Nf3 e6 5. 0-0 Bb7 6. d4 c5 7. e3 Ne4 8. Ne5 Be7 9. Nd2 Nd7 10. c4 0-0 11. Nxe4 dxe4 12. Qc2 f5 13. Nxd7 Qxd7 14. Rd1 Rad8 15. b3 Bf6 16. Bb2 Qc7 17. Rd2 Rd6 18. Rad1 Rfd8 19. g4 cxd4 20. exd4 R6d7 21. gxf5 exf5 22. d5 Bxb2 23. Qxb2 Qxf4 24. b4 Qg5 25. Qb3 f4 26. Kh1 f3 27. Bh3 Rd6 28. Rd4 Rh6 29. Rxe4 Rxh3 30. Qb2 Rf8 31. Rg1 Qf6 32. Qxf6 Rxf6 33. Re7 f2 34. Rexg7+ Kf8 35. Rg8+ Ke7 36. Rf1 Rf7 37. Kg2 Rhf3 38. Rb8 Kd6 39. Rxb7 Rxb7 40. Kxf3 Rc7 41. Rc1 Rxc4 42. Rf1 Ke5 43. d6 Kxd6 44. Rxf2 Rxb4 45. Rd2+ Ke7 46. Re2+ Kf7 47. Rd2 Ra4 48. Rd7+ Kg6 49. Rd2 Kg5 50. Kg3 Ra3+ 51. Kg2 b5 52. Rd5+ Kf6 53. Rxb5 Rxa2+ 54. Kg3 a5 55. Rb6+ 1/2-1/2

[Event "Canadian op"]
[Site "Edmonton"]
[Date "2009.07.15"]
[Round "5.98"]
[White "Durupala, Rishi"]
[Black "Kassam, Jamil"]
[Result "0-1"]
[WhiteElo "1075"]
[BlackElo "1334"]
[PlyCount "78"]
[EventDate "2009.07.11"]
[EventType "swiss"]
[EventRounds "9"]
[EventCountry "CAN"]
[SourceTitle "EXT 2022"]
[Source "ChessBase"]
[SourceDate "2021.10.06"]
[SourceVersion "1"]
[SourceVersionDate "2021.10.06"]
[SourceQuality "1"]

1. e4 Nf6 2. e5 Nd5 3. d4 d6 4. exd6 exd6 5. Nf3 Be7 6. Bc4 Nb6 7. Bb3 0-0 8. 0-0 Bg4 9. h3 Bh5 10. Nbd2 Nc6 11. c3 Qd7 12. Qc2 Bg6 13. Qd1 Rfe8 14. Re1 Bf6 15. Rxe8+ Rxe8 16. Bc2 Ne7 17. Ne4 Ned5 18. Nxf6+ Nxf6 19. Bxg6 hxg6 20. Bg5 Ne4 21. Be3 Nc4 22. Qc2 Nxe3 23. fxe3 Nf6 24. Re1 Qe6 25. a3 Nd5 26. e4 Nf6 27. e5 dxe5 28. dxe5 Nd7 29. Qe2 f6 30. Nd4 Qd5 31. e6 Ne5 32. Nb5 a6 33. Nxc7 Qc5+ 34. Qe3 Qxc7 35. Qd4 Rxe6 36. Qd5 Qb6+ 37. Kh2 Kh7 38. b4 Nf3+ 39. gxf3 Qf2+ 0-1

[Event "CAN-ch U08"]
[Site "Quebec"]
[Date "2008.07.16"]
[Round "6"]
[White "Lee, Jonah"]
[Black "Kassam, Jamil"]
[Result "1-0"]
[WhiteElo "1318"]
[BlackElo "1210"]
[PlyCount "59"]
[EventDate "2008.07.14"]
[EventType "swiss"]
[EventRounds "7"]
[EventCountry "CAN"]
[SourceTitle "EXT 2011"]
[Source "ChessBase"]
[SourceDate "2010.11.26"]
[SourceVersion "1"]
[SourceVersionDate "2010.11.26"]
[SourceQuality "1"]

1. c4 c5 2. g3 g6 3. Bg2 Bg7 4. e3 d6 5. Ne2 Nc6 6. 0-0 e6 7. Nbc3 Nge7 8. Rb1 0-0 9. d3 Rb8 10. a3 a5 11. b3 d5 12. cxd5 exd5 13. d4 cxd4 14. Nxd4 Nxd4 15. exd4 Bf5 16. Bf4 Rc8 17. Rc1 Nc6 18. Nxd5 Nxd4 19. Rxc8 Qxc8 20. Ne7+ Kh8 21. Nxc8 Rxc8 22. Bh6 Bf6 23. Re1 Bc2 24. Qg4 Bf5 25. Qf4 Nxb3 26. Qc7 Rg8 27. Qxf7 Bc3 28. Bd5 Rg7 29. Bxg7+ Bxg7 30. Qg8# 1-0